| Tag |
First Indicator |
Second Indicator |
Subfields |
| LEADER |
00000cam a2200000 a 4500 |
| 001 |
in00002462913 |
| 005 |
20231205095052.0 |
| 008 |
080716s2009 nyua bq 000 0beng |
| 010 |
|
|
|a 2008933249
|
| 015 |
|
|
|a GBA8C8675
|2 bnb
|
| 016 |
7 |
|
|a 014799806
|2 Uk
|
| 019 |
|
|
|a 271772893
|
| 020 |
|
|
|a 9780847830664
|
| 020 |
|
|
|a 0847830667
|
| 029 |
1 |
|
|a AU@
|b 000044581079
|
| 029 |
1 |
|
|a DEBBG
|b BV024115487
|
| 029 |
1 |
|
|a GEBAY
|b 11143354
|
| 029 |
1 |
|
|a HEBIS
|b 210180536
|
| 029 |
1 |
|
|a NOK
|b 0847830667
|
| 029 |
1 |
|
|a NZ1
|b 13177382
|
| 029 |
1 |
|
|a UNITY
|b 118921525
|
| 035 |
|
|
|a (OCoLC)ocn229027872
|
| 035 |
|
|
|a (OCoLC)229027872
|z (OCoLC)271772893
|
| 037 |
|
|
|b Random House Inc, Attn Order Entry 400 Hahn rd, Westminster, MD, USA, 21157
|n SAN 201-3975
|
| 040 |
|
|
|a DLC
|b eng
|c DLC
|d BTCTA
|d BAKER
|d YDXCP
|d CDX
|d UKM
|d ORX
|d SUC
|d VP@
|d CQU
|d OKU
|d HEBIS
|d BDX
|d OCLCF
|d OCLCO
|d OCLCQ
|d DEBBG
|d SFR
|d JDP
|d OCLCO
|d OCL
|d OCLCQ
|d OCLCO
|d OCL
|d OCLCA
|d OCLCQ
|d OCLCO
|d OCLCA
|
| 042 |
|
|
|a pcc
|
| 043 |
|
|
|a n-us---
|
| 050 |
0 |
0 |
|a PN2287.C67
|b C68 2009
|
| 082 |
0 |
0 |
|a 791.4302/8092
|a B
|2 22
|
| 100 |
1 |
|
|a Cowie, Peter.
|
| 245 |
1 |
0 |
|a Joan Crawford :
|b the enduring star /
|c Peter Cowie ; foreword by Mick Lasalle ; afterword by George Cukor.
|
| 260 |
|
|
|a New York :
|b Rizzoli :
|b Distributed in the U.S. trade by Random House,
|c 2009.
|
| 300 |
|
|
|a xiv, 225 pages :
|b illustrations ;
|c 33 cm
|
| 336 |
|
|
|a text
|b txt
|2 rdacontent
|
| 337 |
|
|
|a unmediated
|b n
|2 rdamedia
|
| 338 |
|
|
|a volume
|b nc
|2 rdacarrier
|
| 504 |
|
|
|a Includes bibliographical references.
|
| 504 |
|
|
|a Includes filmography: pages 219-220.
|
| 505 |
0 |
|
|a A talent for living (1904-1929) -- The sublimation of an image (1929-1935) -- A woman of discipline (1935-1940) -- The reluctant domina (1940-1970).
|
| 520 |
|
|
|a Gathers over one hundred photographs of the Academy Award-winning actress, along with commentaries and biographical text that profile her life and career.
|
| 600 |
1 |
0 |
|a Crawford, Joan,
|d 1908-1977.
|
| 650 |
|
0 |
|a Motion picture actors and actresses
|z United States
|v Biography.
|
| 600 |
1 |
7 |
|a Crawford, Joan,
|d 1908-1977.
|2 fast
|0 (OCoLC)fst00049125
|
| 650 |
|
7 |
|a Motion picture actors and actresses.
|2 fast
|0 (OCoLC)fst01027096
|
| 651 |
|
7 |
|a United States.
|2 fast
|0 (OCoLC)fst01204155
|
| 600 |
1 |
7 |
|a Crawford, Joan
|d 1904-1977
|2 gnd
|
| 600 |
1 |
7 |
|a Crawford, Joan,
|d 1908-1977.
|2 sears
|
| 600 |
1 |
7 |
|a Crawford, Joan,
|d 1908-1977
|v Portraits.
|2 sears
|
| 650 |
|
7 |
|a Actresses
|z United States
|v Biography.
|2 sears
|
| 650 |
|
7 |
|a Actresses
|z United States
|v Portraits.
|2 sears
|
| 600 |
1 |
7 |
|a Crawford, Joan.
|2 swd
|
| 655 |
|
2 |
|a Biography
|
| 655 |
|
2 |
|a Portrait
|
| 655 |
|
4 |
|a Bildband.
|
| 655 |
|
4 |
|a Biographie.
|
| 655 |
|
7 |
|a portraits.
|2 aat
|
| 655 |
|
7 |
|a Portraits.
|2 fast
|0 (OCoLC)fst01423831
|
| 655 |
|
7 |
|a Biographies.
|2 fast
|0 (OCoLC)fst01919896
|
| 655 |
|
7 |
|a Biographies.
|2 lcgft
|
| 655 |
|
7 |
|a Portraits.
|2 lcgft
|
| 655 |
|
7 |
|a Biographies.
|2 rvmgf
|
| 655 |
|
7 |
|a Portraits.
|2 rvmgf
|
| 776 |
0 |
8 |
|i Online version:
|a Cowie, Peter.
|t Joan Crawford.
|d New York : Rizzoli : Distributed in the U.S. trade by Random House, 2009
|w (OCoLC)649301002
|
| 938 |
|
|
|a Baker & Taylor
|b BKTY
|c 60.00
|d 45.00
|i 0847830667
|n 0007810894
|s active
|
| 938 |
|
|
|a Brodart
|b BROD
|n 08953805
|c $60.00
|
| 938 |
|
|
|a Baker and Taylor
|b BTCP
|n BK0007810894
|
| 938 |
|
|
|a Coutts Information Services
|b COUT
|n 8395920
|
| 938 |
|
|
|a YBP Library Services
|b YANK
|n 2929424
|
| 948 |
|
|
|h HELD BY TXA - 171 OTHER HOLDINGS
|
| 994 |
|
|
|a Z0
|b TXA
|
| 999 |
f |
f |
|s db6df1dd-779b-3d2e-bc72-cc80512dc98f
|i f0772ed2-0ae6-39c3-b616-486bec039eb5
|t 0
|
| 952 |
f |
f |
|p ric
|a Texas A&M University
|b Rellis Campus
|c Joint Library Facility
|s JLF
|d Remote Storage
|t 0
|e PN2287.C67 C69 2009
|f Oversize
|h Library of Congress classification
|i unmediated -- volume
|m A14839788048
|